• 首页
  • 本馆介绍
  • 公告通知
  • 最新文献
  • 馆藏检索
  • 电子资源
  • 读者导购
  • 参考咨询
  • 我的图书馆
  • 登录
  • 详细信息显示
  • 放入我的书架
  • 预约/预借图书
  • 作者相关作品
  • 分类相关作品
  • 丛书相关作品
  • 出版社相关作品

书目信息

  • 表格格式
  • 工作单格式
  • 卡片格式
题名:
法律英语
    
 
作者: 沙丽金 主编
分册:  
出版信息: 北京   中国民主法制出版社  2018
页数: 328页
开本: 25cm
丛书名:
单 册:
中图分类: D9
科图分类:
主题词: 法律--fa lv--英语--硕士生--教材
电子资源:
ISBN: 978-7-5162-1878-5
000 00878nam0 2200265 450
001 2156756042
005 20211108155505.08
010    @a978-7-5162-1878-5@dCNY48.00
100    @a20190109d2018 em y0chiy50 ea
101 0  @aeng@gchi
102    @aCN@b110000
105    @ay z 000yy
106    @ar
200 1  @a法律英语@Afa lv ying yu@dLegal English@f沙丽金主编@zeng
205    @a5版
210    @a北京@c中国民主法制出版社@d2018
215    @a328页@d25cm
300    @a研究生英语教程
330    @a本书注重法律知识和法律英语技能的培养,以培养学生运用听说读写译等技能为基点,主要包括阅读理解、术语练习、完形填空、短文翻译、听写、补充阅读、词义辨析和讨论等板块。
510 1  @aLegal English@zeng
606 0  @a法律@Afa lv@x英语@x硕士生@j教材
690    @aD9@v5
701  0 @a沙丽金@Asha li jin@4主编
801  0 @aCN@b百万庄@c20211108
905    @b1314008-011@dD9@e893=5@f4
    
    法律英语=Legal English/沙丽金主编.-5版.-北京:中国民主法制出版社,2018
    328页;25cm
    研究生英语教程
    
    ISBN 978-7-5162-1878-5:CNY48.00
    本书注重法律知识和法律英语技能的培养,以培养学生运用听说读写译等技能为基点,主要包括阅读理解、术语练习、完形填空、短文翻译、听写、补充阅读、词义辨析和讨论等板块。
●
相关链接 在E读中查询图书 在五车中查询图书 在当当中查询图书 在豆瓣中查询图书


正题名:法律英语     索取号:D9/893=5         预约/预借

序号 登录号 条形码 馆藏地/架位号 状态 备注
1 1314008   213140082   第一样本阅览室/ [索取号:D9/893=5] 在馆    
2 1314009   213140091   第一借阅区/ [索取号:D9/893=5] 在馆    
3 1314010   213140108   第一借阅区/ [索取号:D9/893=5] 在馆    
4 1314011   213140117   第一借阅区/ [索取号:D9/893=5] 在馆    
唐山师范学院图书馆 欢迎您!
大连网信软件有限公司© 版权所有